Animals Most Similar to Llamas - Statistics

General Stats
  • This quiz has been taken 5 times
  • The average score is 3 of 5
Answer Stats
Hint Animal % Correct
Smaller and fluffier than a llama, this beloved animal was bred primarily for its incredibly soft, luxurious wool. Alpaca
100%
Hailing from the cold deserts of Central Asia, this large camelid is easily distinguished by its two humps. Bactrian Camel
80%
The smallest and most delicate of the South American camelids, it produces the finest and most expensive fiber in the world. Vicuña
60%
Though outwardly very different in size, this long-necked African mammal shares a very early common branching ancestor with camelids. Giraffe
40%
This wild, sturdy herbivore is the direct wild ancestor of the domesticated llama. Guanaco
40%
No matching quizzes found
Score Distribution
Percent of People with Each Score
Percentile by Number Answered
Your Score History
You have not taken this quiz